000 00700nam a2200265 i 4500
001 C2-0251805
003 PPAK
005 20180727215118.0
008 031008s2002 nyu |||| ||||| | eng d
020 _a0671505025
040 _aPPAK
_beng
_cPPAK
_erda
082 0 4 _a823
_223
090 0 0 _a823
_bKEE
_dK
100 1 _aKeene, Carolyn,
_eauthor
245 1 4 _aThe treasure in the royal tower
264 1 _aNew York :
_bAladdin Paperbacks ,
_c2002
300 _a150 pages ;
_c20 cm
336 _2rdacontent
_atext
337 _2rdamedia
_aunmediated
338 _2rdacarrier
_avolume
490 1 _aNancy Drew
650 1 0 _aChildren's stories, English
830 0 _aNancy Drew
942 _ddc
_cB
999 _c64912
_d64912